| 000 | 01487nam0a22003011 4500 | ||
|---|---|---|---|
| 001 | rc\4883691 | ||
| 005 | 20250613025900.0 | ||
| 021 |
_aRU _b[58-38475] |
||
| 035 | _a(NLR Aleph) 008917749 | ||
| 090 |
_a8804520 _c8804520 |
||
| 100 | _a20130426d1958 |||y0rusy50 ca | ||
| 101 | 0 | _arus | |
| 102 | _aRU | ||
| 105 | _aa z ||||| | ||
| 200 | 1 |
_aСвиноводство - доходная отрасль _f[Лит. запись В.В. Друзина] |
|
| 210 |
_aФрунзе _cКиргизгосиздат _d1958 |
||
| 215 |
_a27 с. _cдиагр. _d17 |
||
| 225 | 1 |
_aВ ближайшие годы догоним США по производству мяса, молока и масла на душу населения _v[4] |
|
| 300 | _aПеред загл. авт.: П.А. Цырульников, зав. свинофермой колхоза им. Жданова, Сталинского района | ||
| 300 | _aВложена с 6-ю другими книгами этой серии в папку с загл. серии: Догоним США по производству мяса, молока и масла на душу населения | ||
| 606 |
_aСвиноводство _yФрунзенская область _2psbo |
||
| 700 | 1 |
_aЦырульников _bП.А. _gПавел Александрович |
|
| 702 | 1 |
_aДрузин _bВ.В. _4570 |
|
| 801 | 0 |
_aRU _bNLR _gpsbo |
|
| 801 | 1 |
_aRU _bELAR _2rusmarc |
|
| 852 |
_aNLR _j58-2/1480-4 |
||
| 942 | _cBOOK | ||
| 980 | _aNB | ||